Comuni della Liguria con la lettera C - Statistics

Statistiche generali
  • Questo quiz è stato fatto 50 volte
  • Il punteggio medio è 14 su 42
Statistiche sulle risposte
COMUNE PROVINCIA % Corretto
Chiavari Genova
71%
Cairo Montenotte Savona
61%
Cogoleto Genova
61%
Camogli Genova
59%
Celle Ligure Savona
54%
Cengio Savona
49%
Cervo Imperia
46%
Campo Ligure Genova
41%
Ceriale Savona
41%
Cogorno Genova
41%
Campomorone Genova
39%
Carcare Savona
37%
Carro La Spezia
34%
Carrodano La Spezia
34%
Casella Genova
34%
Calizzano Savona
29%
Camporosso Imperia
29%
Casarza Ligure Genova
29%
Chiusanico Imperia
29%
Costarainera Imperia
29%
Carasco Genova
27%
Caravonica Imperia
27%
Ceriana Imperia
27%
Cesio Imperia
27%
Chiusavecchia Imperia
27%
Cipressa Imperia
27%
Cosseria Savona
27%
Cicagna Genova
24%
Civezza Imperia
24%
Coreglia Ligure Genova
24%
Calice Ligure Savona
22%
Casanova Lerrone Savona
22%
Castelvecchio di Rocca Barbena Savona
22%
Castel Vittorio Imperia
22%
Castiglione Chiavarese Genova
22%
Cisano sul Neva Savona
22%
Cosio di Arroscia Imperia
22%
Crocefieschi Genova
22%
Calice al Cornoviglio La Spezia
20%
Castelbianco Savona
20%
Castellaro Imperia
20%
Castelnuovo Magra La Spezia
20%
Nessun quiz corrispondente trovato
Distribuzione punteggi
Percentuale di utenti per punteggio
Percentile per numero di risposta
I tuoi punteggi nel tempo
Non hai fatto questo quiz